LIBRARY & INFORMATION CENTRE, KCAET, TAVANUR

ONLINE PUBLIC ACCESS CATALOGUE (OPAC)

Plant Root Systems : | Their Function and Interaction with the Soil (Record no. 19102)

MARC details
000 -LEADER
fixed length control field 00492nam a22001697a 4500
003 - CONTROL NUMBER IDENTIFIER
control field OSt
008 - FIXED-LENGTH DATA ELEMENTS--GENERAL INFORMATION
fixed length control field 250122b |||||||| |||| 00| 0 eng d
020 ## - INTERNATIONAL STANDARD BOOK NUMBER
ISBN 07 084 137 3
041 ## - LANGUAGE CODE
Language code of text/sound track or separate title eng
082 ## - DEWEY DECIMAL CLASSIFICATION NUMBER
Classification number 581.498
Item number RUS / PL
100 ## - MAIN ENTRY--AUTHOR NAME
Personal name Russell, R Scot
245 ## - TITLE STATEMENT
Title Plant Root Systems :
Remainder of title Their Function and Interaction with the Soil
260 ## - PUBLICATION, DISTRIBUTION, ETC. (IMPRINT)
Place of publication Maidenhead, England:
Name of publisher ELBS and McGraw Hill Book Company Ltd,
Year of publication 1982.
300 ## - PHYSICAL DESCRIPTION
Number of Pages 298p.
700 ## - ADDED ENTRY--PERSONAL NAME
Personal name Wilkins, MB;ed.
942 ## - ADDED ENTRY ELEMENTS (KOHA)
Koha item type Books
Holdings
Withdrawn status Lost status Damaged status Home library Current library Date acquired Full call number Accession Number Koha item type
      KAUAET KAUAET 22/01/2025 581.498 RUS / PL 15899 Books
free website counter